Khimah se alag (Record no. 1230541)

MARC details
000 -LEADER
fixed length control field 00651nam a2200229Ia 4500
005 - DATE AND TIME OF LATEST TRANSACTION
control field 20241129111443.0
008 - FIXED-LENGTH DATA ELEMENTS--GENERAL INFORMATION
fixed length control field 241129s9999||||xx |||||||||||||| ||und||
020 ## - INTERNATIONAL STANDARD BOOK NUMBER
International Standard Book Number 978-81-19533-15-2
037 ## - SOURCE OF ACQUISITION
Stock number TB
040 ## - CATALOGING SOURCE
Original cataloging agency CRL
Language of cataloging eng
Transcribing agency CRL
041 ## - LANGUAGE CODE
Language code of text/sound track or separate title urd
Source of code urd
084 ## - COLON CLASSIFICATION NUMBER
Classification number O168,1NWAx Q9
Assigning agency CRL
100 ## - MAIN ENTRY--PERSONAL NAME
Personal name Wafa Mohammad Mokhtar Au.
9 (RLIN) 724453
245 #0 - TITLE STATEMENT
Title Khimah se alag
Statement of responsibility, etc. Wafa Mohammad Mokhtar Au.
260 ## - PUBLICATION, DISTRIBUTION, ETC.
Place of publication, distribution, etc. Delhi, India
Name of publisher, distributor, etc. Arshia Publications
Date of publication, distribution, etc. 2019
300 ## - PHYSICAL DESCRIPTION
Extent 155p.
365 ## - TRADE PRICE
Price type code INR
Price amount 250
546 ## - LANGUAGE NOTE
Language note Translated from Spanish to Urdu
650 ## - SUBJECT ADDED ENTRY--TOPICAL TERM
Topical term or geographic name entry element Urdu Poetry
942 ## - ADDED ENTRY ELEMENTS (KOHA)
Koha item type Textbook
Classification part O168,1NWAx Q9
Holdings
Withdrawn status Lost status Damaged status Not for loan Home library Current library Date acquired Source of acquisition Cost, normal purchase price Inventory number Total Checkouts Full call number Barcode Date last seen Price effective from Koha item type
        Central Library Central Library 2024-11-29 Technical Bureau India Pvt. Ltd. 250.00 3117 & 14/02/2024   O168,1NWAx Q9 CL1681345 2024-11-29 2024-11-29 Textbook
Copyright @ Delhi University Library System